| 000 | 00893nam a2200277Ia 4500 | ||
|---|---|---|---|
| 008 | |||
| 020 | _a0521096197 (pbk. ) | ||
| 049 | _aMAIN | ||
| 090 | _aHX39.5 AVI | ||
| 100 | 1 | _aAvineri, Shlomo. | |
| 245 | 1 | 4 |
_aThe social and political thought of Karl Marx / _cby Shlomo Avineri. |
| 260 |
_aLondon : _bCambridge University Press , _c1968. |
||
| 300 |
_aviii, 269 p. ; _c23 cm. |
||
| 440 | 0 | _aCambridge studies in the history and theory of politics | |
| 500 | _aTranslation of Mishnato ha-evratit `eha-medinit shel Carl Marks. | ||
| 504 | _aIncludes bibliographical references | ||
| 500 | _aIncludes index | ||
| 650 | _aSocial politics | ||
| 650 | _aKarl Marx | ||
| 650 | _aSocial politicai thought | ||
| 907 |
_a.b1006218x _b25-04-07 _c17-04-03 |
||
| 003 | |||
| 005 | 20230123133826.0 | ||
| 040 | _cNUST | ||
| 942 |
_cBOOKS _kHX39.5 AVI |
||
| 999 |
_c155281 _d155281 |
||